Quizzes
Events
Quiz Creation
Community
Videos
Private Events
Remove Ads
Sign In
Join for FREE
Feedback
Dark Mode
Quiz Categories
Sports
Geography
Music
Movies
Television
Just For Fun
Miscellaneous
History
Literature
Language
Science
Gaming
Entertainment
Religion
Holiday
For Kids
Quiz Lab
Recent
Popular Today
Quiz Kudos Today
Editor Picks
Curator Picks
Quizzes by...
Day
Popularity
Type
Ratings
Length
Year
Community
Subscriptions
Recent Discussions
Orange Saloon
Badges
Playlists
Quests
Create
Leaderboards
Showdown
Live 5
Trivia Bingo
Activity
Puzzle Library
Sporcle Events
Private Events
Virtual Trivia
Globe League
Become a Host
Pub Owners
SporcleCon
Opinionation
Our Games
Videos
Blog
Mobile Apps
Partnerships
Remove Ads and Go Orange
Feedback
History
US Presidents
World Leaders
Politics
Nation
Discovery
War
Decade
Year
Century
Biography
Art
History
US Presidents
World Leaders
Politics
Nation
Discovery
War
Decade
Year
Century
Biography
Art
Random Quiz
Search Sporcle
×
Quiz Lab
Quiz Lab
History
Numbers
Type in answers that appear in a list
Type in answers that appear in a list
Classic
Best Score? Go Orange.
Presidents by Number Stats
Can you name the Presidents by Number?
By
eleni
5m
44 Questions
914 Plays
914 Plays
914 Plays
Comments
Comments
Give Quiz Kudos
Give Quiz Kudos
-
- Ratings
hide this ad
Forced Order
Answers have to be entered in order
Answers have to be entered in order
Random Order
Randomize order of answers
Randomize order of answers
Replay
Link that replays current quiz
Next Quiz
Link to next quiz in quiz playlist
You Got
0%
They Got
Avg Score
81%
Avg Friend Score
Upgrade to see
Score Distribution
Jump to the score distribution portion of the page
Score
0/44
Timer
05:00
0
Plays Today
Number
President
% Correct
1
George Washington
91.8%
3
Thomas Jefferson
91.7%
2
John Adams
91%
4
James Madison
90.2%
5
James Monroe
90.2%
43
George W Bush
89.7%
44
Barack Obama
89.1%
41
George H W Bush
88.9%
42
Bill Clinton
88.8%
40
Ronald Reagan
88.7%
6
John Quincy Adams
88.3%
7
Andrew Jackson
87.5%
39
Jimmy Carter
86.9%
16
Abraham Lincoln
86.5%
38
Gerald Ford
86.5%
35
John F Kennedy
85.3%
37
Richard M Nixon
84.7%
34
Dwight D Eisenhower
84.5%
8
Martin Van Buren
83.8%
36
Lyndon B Johnson
83.6%
17
Andrew Johnson
83%
33
Harry S Truman
82.7%
Number
President
% Correct
32
Franklin Delano Roosevelt
82.4%
18
Ulysses S Grant
81.8%
15
James Buchanan
80.7%
30
Calvin Coolidge
79.6%
31
Herbert Hoover
79.6%
9
William Henry Harrison
79.5%
10
John Tyler
79.3%
11
James K Polk
78.8%
12
Zachary Taylor
78.1%
13
Millard Fillmore
75.8%
26
Theodore Roosevelt
75.4%
25
William McKinley
74.9%
14
Franklin Pierce
74.7%
22
Grover Cleveland
74.6%
24
Grover Cleveland
74.5%
19
Rutherford B Hayes
74.4%
28
Woodrow Wilson
74.2%
27
William Howard Taft
73.6%
29
Warren G Harding
73.1%
23
Benjamin Harrison
72.4%
21
Chester A Arthur
72.1%
20
James A Garfield
71.8%
Quiz Playlist
Details
Report
Send in Message
Add To Playlist
Classic:
Type in answers that appear in a list
Forced Order:
Answers have to be entered in order
Random Order:
Randomize order of answers
Last Updated: Feb 16, 2017
Quiz Scoreboard
CHALLENGE
Sign Up to Join the Scoreboard
Show All
Scores
Hide
Comments
May contain spoilers
Recently Published
Popular People in 1961
by mucciniale
History
6m
1-10 Letter E Words III
by El_Dandy
Language
2m
One Thing in Common: World Cities II
by knightlancer
Geography
7m
More to Explore
Quiz From the Vault
Featured Blog Post
Where Did the Easter Bunny Come From?
hide this ad
You Might Also Like...
Tags
Numbers Quiz
US Presidents Quiz
Today's Top Quizzes in History
Browse History
hide this ad
Today's Top Quizzes in Numbers
Browse Numbers
Top Contributed Quizzes in History
1
Popular People in 1991
2
Popular People in 1981
3
Popular People in 1951
4
Popular People in 1941
5
Popular People in 1986
6
Popular People in 1921
7
Popular People in 1976
8
I Am Born On March 28th
9
Popular People in 1946
10
Popular People in 1936
Explore More
Trending Topics
Disney
Crossword
NBA
Marvel
Anime
Harry Potter
Kpop
Song
Puzzle
Pokémon
The Office
Soccer
WWE
NFL
Country
hide this ad
More By:
eleni
Quiz
Plays
Rating
Category
Featured
Created
AFI Best Musical Movies
146,000
4.37
Movies
Sep 27, 2009
AFI Top 100 Quotes
54,363
4.48
Movies
Sep 26, 2009
West Africa Capitals
5,298
4.45
Geography
Nov 22, 2009
East Africa Capitals
4,350
3.53
Geography
Nov 21, 2009
BFI Top 100 Movies
2,682
4.25
Movies
Sep 27, 2009
Go to Creator's Profile
Score Distribution
Quiz Creator Spotlight
eleni
Follow
Send a Message
Quizzes Created
-
Created Quiz Play Count
-
More By This Creator
Popular Quizzes Today
1
Find the US States - No Outlines Minefield
2
The Countries of the World
3
Find the Countries of Europe - No Outlines Minefield
4
Popular People in 1961
5
1-10 Letter E Words III
6
Find the US States
7
One Thing in Common: World Cities II
8
US States
More History Quizzes
Country by Historical Photograph
Editor's Pick
Trending Quizzes
Risky Map Clicking: Least Populous States A-Z
1-10 Letter F Words
1-10 Letter G Words
One Thing in Common: United Kingdom
Risky Map Clicking: Next State Alphabetically
Recently Updated
Leaping Animals
pecheneg
Reality TV Shows (A-Z)
bhenderson79
Rickey Henderson's Hall of Fame Teammates
pecheneg
Champions League XIs: Arsenal
pecheneg
Quick Pick: Celebrities in WWE's Hall of Fame
aduchscher
A-Z Keypad Blitz II
pecheneg
Multiple Oscar Actors
pecheneg
Mystery Phrase Blitz: Oscar 'Best Actors'
pecheneg
F. Scott Fitzgerald Novels
LTH
Pick 3 Villains
ddd62291
Trending Topics
Disney
Harry Potter
Crossword
NBA
Anime
Kpop
Marvel
Song
Soccer
NFL
WWE
Puzzle
The Office
Country
Pokémon
Your Account Isn't Verified!
In order to create a playlist on Sporcle, you need to verify the email address you used during registration. Go to your
Sporcle Settings
to finish the process.
Report this User
Report this user for behavior that violates our
Community Guidelines
.
Details:
Send Report
Go to the Sporcle.com Mobile Site →
Comments